[Event "Tournoi n27347"]
[Site "www.echecsemail.com"]
[Date "2026.02.04"]
[Round "1"]
[White "Degun"]
[Black "Rvsinovitch"]
[WhiteElo "1970"]
[BlackElo "2030"]
[Result "1/2-1/2"]
1.e4 c6
2.Ng1f3 d5
3.exd5 cxd5
4.d4 Nb8c6
5.Bf1b5 a6
6.Bb5xc6 bxc6
7.Bc1g5 h6
8.Bg5h4 Qd8a5
9.c3 Bc8f5
10.Nf3e5 Qa5b6
11.b3 e6
12.O-O Bf8e7
13.Bh4xe7 Ng8xe7
14.Nb1d2 Qb6c7
15.c4 O-O
16.Nd2f3 Rf8d8
17.Nf3h4 Bf5h7
18.Qd1h5 Ne7f5
19.Nh4xf5 Bh7xf5
20.c5 a5
21.Ra1c1 f6
22.Ne5g4 Bf5xg4
23.Qh5xg4 Qc7f7
24.Rc1c3 e5
25.Rc3h3 f5
26.Qg4g3 f4
27.Qg3g4 Kf8
28.dxe5 Ke7
29.Rh3f3 Rd8f8
30.g3 g5
31.Rf1e1 Qf7f5
32.Qg4xf5 Rf8xf5
33.g4 Rf5f7
34.Kg2 Ra8e8
35.h4 Kd7
36.hxg5 hxg5
37.Rf3h3 Rf7e7
38.Rh3h6 Re7xe5
39.Rh6d6 Kc7
40.Re1xe5 Re8xe5
41.Kf3 Re5e4
42.Rd6g6 Re4e5
43.Rg6g7 Kb8
44.Rg7g6 Kc7
45.Rg6g7 Kb8
46.Rg7g6 Kc7
1/2-1/2

[Event "Tournoi n27411"]
[Site "www.echecsemail.com"]
[Date "2026.02.04"]
[Round "1"]
[White "Teaspoon"]
[Black "Oranmore"]
[WhiteElo "1990"]
[BlackElo "1920"]
[Result "1-0"]
1.c4 e5
2.Nb1c3 Ng8f6
3.Ng1f3 e4
4.Nf3g5 Qd8e7
5.Qd1c2 Nb8c6
6.Ng5xe4 d6
7.g3 Bc8f5
8.Bf1g2 g6
9.Ne4xf6 Qe7xf6
10.Qc2b3 Bf5c8
11.Nc3d5 Qf6d8
12.Qb3c3 Nc6e5
13.f4 Bf8g7
14.fxe5 dxe5
15.Qc3e3 O-O
16.O-O c6
17.Nd5c3 Bc8e6
18.b3 f5
19.Bc1b2 e4
20.Nc3d1 Qd8d7
21.d3 exd3
22.exd3 Rf8e8
23.Qe3d2 Re8d8
24.Bb2xg7 Qd7xg7
25.Nd1f2 Rd8d4
26.Rf1e1 Be6d7
27.Ra1c1 Ra8d8
28.Re1e3 f4
29.gxf4 Rd4xf4
30.Rc1e1 Rd8f8
31.Re3e7 Rf4f7
32.Re7xf7 Rf8xf7
33.d4 Rf7e7
34.Re1xe7 Qg7xe7
35.d5 Qe7c5
36.dxc6 Bd7xc6
37.Bg2xc6 bxc6
38.Kg2 a5
39.Nf2e4 Qc5e5
40.Qd2d8 Kg7
41.Qd8d7 Kh6
42.Qd7xc6 Qe5b2
43.Kf3 Qb2xa2
44.Qc6f6 Qa2xb3
45.Kg4 Qb3d1
46.Kh4 Qd1e1
47.Ne4g3 { abandon }1-0

[Event "Tournoi n27435"]
[Site "www.echecsemail.com"]
[Date "2026.02.04"]
[Round "1"]
[White "Wenoketo"]
[Black "Tartu"]
[WhiteElo "1710"]
[BlackElo "1740"]
[Result "1-0"]
1.d4 Ng8f6
2.Ng1f3 d5
3.Bc1f4 e6
4.h3 Bf8e7
5.e3 O-O
6.Bf1e2 Nb8c6
7.O-O Bc8d7
8.Nb1c3 a6
9.a3 b5
10.Ra1c1 h6
11.Bf4h2 Rf8e8
12.Nf3e5 Ra8b8
13.Ne5xc6 Bd7xc6
14.Be2f3 Be7d6
15.Bh2xd6 Qd8xd6
16.Nc3e2 e5
17.dxe5 Qd6xe5
18.c3 Bc6d7
19.Qd1d4 Qe5xd4
20.Ne2xd4 c5
21.Nd4c2 Nf6e4
22.Nc2e1 a5
23.Ne1d3 c4
24.Bf3xe4 dxe4
25.Nd3f4 Bd7f5
26.Rc1d1 Rb8d8
27.Rd1d4 g5
28.Nf4h5 Kf8
29.Rf1d1 Rd8xd4
30.exd4 Bf5g6
31.Nh5g3 e3
32.fxe3 Re8xe3
33.Kf2 Re3d3
34.Rd1xd3 Bg6xd3
35.Ke3 h5
36.Ng3xh5 Ke7
37.g3 f6
38.h4 gxh4
39.gxh4 Ke6
40.Nh5f4 Kf5
41.Nf4xd3 cxd3
42.Kxd3 Ke6
43.Ke3 f5
44.Kf4 Kf6
45.h5 { abandon }1-0

[Event "Défi"]
[Site "www.echecsemail.com"]
[Date "2026.02.04"]
[Round "1"]
[White "Roger72"]
[Black "Malvina"]
[WhiteElo "1310"]
[BlackElo "1270"]
[Result "0-1"]
1.e4 e5
2.Bf1c4 Qd8f6
3.Nb1c3 Nb8c6
4.Ng1f3 Ng8e7
5.d3 Nc6b4
6.O-O Ne7g6
7.Bc1g5 Qf6d6
8.a3 Nb4c6
9.b4 Bf8e7
10.Nc3d5 Ng6f4
11.Nd5xc7 Qd6xc7
12.Bc4b3 f6
13.Bg5h4 Nf4h5
14.Nf3xe5 Qc7xe5
15.Rf1e1 Nc6d4
16.Bb3a2 Nh5f4
17.Bh4g3 b6
18.Ba2d5 Ra8b8
19.c3 Nd4c6
20.b5 Nc6a5
21.d4 Qe5g5
22.h4 Qg5h6
23.a4 Be7d6
{ abandon }0-1

[Event "Jean 8"]
[Site "www.echecsemail.com"]
[Date "2026.02.04"]
[Round "1"]
[White "Pgo"]
[Black "Orosco"]
[WhiteElo "1760"]
[BlackElo "2220"]
[Result "0-1"]
1.e4 e5
2.Ng1f3 Nb8c6
3.Bf1b5 a6
4.Bb5xc6 dxc6
5.d3 f6
6.Nb1c3 Ng8e7
7.O-O Ne7g6
8.h3 Bf8b4
9.Bc1d2 O-O
10.a3 Bb4e7
11.Rf1e1 Bc8e6
12.Qd1e2 Qd8d7
13.b4 a5
14.bxa5 Ra8xa5
15.a4 Rf8a8
16.Nc3d1 Ra5xa4
17.Ra1xa4 Ra8xa4
18.Nd1b2 Ra4a2
19.Re1b1 b5
20.Bd2c3 c5
21.Nb2d1 b4
22.Bc3b2 Ng6f4
23.Qe2e3 b3
24.c4 Qd7xd3
25.Qe3xd3 Nf4xd3
26.Nf3d2 c6
27.f3 g5
28.g4 Nd3f4
29.Kh2 Nf4e2
30.Kg2 Kf7
31.Kf2 Ne2f4
32.Kg3 h5
33.gxh5 Nf4xh5
34.Kh2 Nh5f4
35.Nd1f2 Kg6
36.Nf2g4 Nf4d3
37.Bb2c3 b2
38.Ng4e3 Be7d8
39.Ne3d1 Bd8a5
40.Bc3xa5 Ra2xa5
41.Nd1xb2 Ra5a2
42.Nd2f1 Nd3xb2
43.Kg3 Nb2d3
44.Rb1d1 Be6xc4
45.Nf1d2 Nd3f4
46.h4 Bc4b3
47.h5 Nf4xh5
48.Kg4 Bb3e6
0-1

[Event "Défi"]
[Site "www.echecsemail.com"]
[Date "2026.02.04"]
[Round "1"]
[White "Turbo"]
[Black "Claudius94"]
[WhiteElo "1390"]
[BlackElo "1780"]
[Result "0-1"]
1.d4 d5
2.Ng1f3 e6
3.h3 Bf8e7
4.a3 c6
5.e3 Ng8f6
6.Bf1d3 b6
7.b4 Bc8a6
8.b5 cxb5
9.Bc1b2 b4
10.axb4 Ba6xd3
11.Qd1xd3 Be7xb4
12.Nb1d2 Nf6e4
13.c3 Ne4xd2
14.cxb4 Nd2c4
15.Ra1a2 b5
16.O-O a6
17.Bb2a1 O-O
18.h4 h6
19.e4 Nb8d7
20.exd5 exd5
21.Rf1e1 f6
22.g4 Rf8e8
23.Kf1 Nd7f8
24.g5 hxg5
25.hxg5 Qd8d7
26.Nf3g1 fxg5
27.Ba1b2 Qd7g4
28.Bb2c1 Re8xe1
29.Kxe1 Qg4xg1
30.Ke2 Ra8e8
31.Bc1e3 Nc4xe3
32.fxe3 Qg1g2
{ abandon }0-1

[Event "BERNARD MAS"]
[Site "www.echecsemail.com"]
[Date "2026.02.04"]
[Round "1"]
[White "Pgo"]
[Black "Titit1"]
[WhiteElo "1750"]
[BlackElo "1440"]
[Result "1-0"]
1.e4 Ng8f6
2.e5 Nf6d5
3.d4 Nb8c6
4.Ng1f3 e6
5.Bf1c4 Nd5b6
6.Bc4b3 Bf8b4
7.c3 Bb4e7
8.O-O O-O
9.a3 d6
10.Bc1f4 d5
11.Nb1d2 Bc8d7
12.h3 Be7g5
13.Bf4xg5 Qd8e8
14.Rf1e1 h6
15.Bg5h4 Nc6a5
16.Bb3c2 c6
17.b4 Na5c4
18.Nd2b3 Nb6c8
19.Qd1d3 Nc8e7
20.Qd3h7 1-0

[Event "Défi"]
[Site "www.echecsemail.com"]
[Date "2026.02.04"]
[Round "1"]
[White "Arno"]
[Black "Roquefort"]
[WhiteElo "1770"]
[BlackElo "1860"]
[Result "1-0"]
1.d4 Ng8f6
2.Bc1f4 c5
3.e3 cxd4
4.Ng1f3 dxe3
5.Bf4xe3 d6
6.Bf1d3 Bc8g4
7.Nb1d2 e6
8.c3 Bf8e7
9.Qd1b3 Qd8c7
10.Bd3b5 Nb8c6
11.Nf3d4 O-O
12.Qb3c4 d5
13.Qc4a4 Nc6e5
14.O-O a6
15.Bb5e2 Bg4xe2
16.Nd4xe2 Be7d6
17.Be3g5 Ne5d7
18.h3 Nd7c5
19.Qa4h4 Nf6e4
20.Nd2xe4 Nc5xe4
21.Qh4g4 Ne4xg5
22.Qg4xg5 Ra8d8
23.h4 Bd6e7
24.Qg5g4 Qc7e5
25.Ne2f4 Be7d6
26.g3 Qe5f6
27.Nf4h5 Qf6g6
28.Qg4f3 Bd6e7
29.Nh5f4 Qg6f5
30.g4 Qf5c2
31.g5 Rd8d7
32.Qf3g4 Qc2xb2
33.h5 Qb2xc3
34.g6 h6
35.gxf7 Rf8xf7
36.Nf4xe6 Be7f6
37.Ne6f4 Bf6g5
38.Ra1c1 Qc3d4
39.Rc1c8 Rd7d8
40.Rc8xd8 Bg5xd8
41.Qg4c8 Qd4f6
42.Rf1e1 Qf6g5
43.Nf4g2 Kh7
44.Re1e8 Qg5xh5
45.Qc8xd8 Qh5f5
46.Re8h8 Kg6
47.Ng2h4 { abandon }1-0

[Event "2601"]
[Site "www.echecsemail.com"]
[Date "2026.02.04"]
[Round "1"]
[White "Turbo"]
[Black "Qsdmlk"]
[WhiteElo "1360"]
[BlackElo "1510"]
[Result "1-0"]
1.d4 Ng8f6
2.Ng1f3 e6
3.e3 Bf8b4
4.c3 Bb4a5
5.b4 Ba5b6
6.h3 O-O
7.Bf1d3 d5
8.O-O a5
9.b5 Bc8d7
10.a4 c6
11.Nf3e5 Bd7e8
12.Nb1d2 Qd8d6
13.Bc1a3 Qd6c7
14.Ba3xf8 c5
15.Bf8xc5 Bb6xc5
16.dxc5 Qc7xc5
17.g4 Qc5xc3
18.Nd2f3 Nb8d7
19.Ra1c1 Qc3b4
20.Ne5xd7 Be8xd7
21.Bd3b1 Nf6e4
22.Bb1xe4 dxe4
23.Nf3g5 Bd7e8
24.Rc1b1 Qb4c5
25.h4 Qc5e5
26.f4 Qe5c7
27.Rb1c1 Qc7b8
28.Qd1c2 h6
29.Ng5h3 f5
30.g5 h5
31.Qc2b3 Be8f7
32.Kh2 Qb8d6
33.Rc1d1 Qd6b8
34.Rf1g1 e5
35.Qb3b2 exf4
36.Nh3xf4 b6
37.g6 Bf7e8
38.Kh1 Qb8c7
39.Nf4e6 Qc7e7
40.Ne6f4 Qe7xh4
41.Kg2 Ra8c8
42.Qb2e2 Qh4f6
43.Rg1h1 Rc8c3
44.Qe2xh5 Rc3a3
45.Qh5h8 1-0

[Event "Défi"]
[Site "www.echecsemail.com"]
[Date "2026.02.04"]
[Round "1"]
[White "Arno"]
[Black "Alain34"]
[WhiteElo "1770"]
[BlackElo "2090"]
[Result "0-1"]
1.d4 Ng8f6
2.Bc1f4 e6
3.Ng1f3 c5
4.e3 cxd4
5.exd4 d5
6.Bf1d3 Nb8c6
7.c3 Bf8d6
8.Nf3e5 Qd8c7
9.Qd1e2 Nf6d7
10.Ne5xd7 Bc8xd7
11.Bf4g3 O-O
12.O-O Rf8e8
13.Qe2h5 g6
14.Qh5h6 e5
15.dxe5 Nc6xe5
16.Bg3h4 Ne5xd3
17.Bh4f6 Bd6f8
18.Qh6d2 Qc7f4
19.Qd2xf4 Nd3xf4
20.Nb1d2 Re8e6
21.Bf6g5 Nf4d3
{ abandon }0-1

[Event "Jean 8"]
[Site "www.echecsemail.com"]
[Date "2026.02.04"]
[Round "1"]
[White "Orosco"]
[Black "Patau"]
[WhiteElo "2220"]
[BlackElo "1670"]
[Result "1-0"]
1.e4 Nb8c6
2.Ng1f3 d5
3.exd5 Qd8xd5
4.Nb1c3 Qd5a5
5.h3 Ng8f6
6.Bf1b5 a6
7.Bb5xc6 bxc6
8.O-O Bc8f5
9.d3 e6
10.g4 Bf5g6
11.Bc1e3 Bf8d6
12.a3 c5
13.Nf3d2 c6
14.Qd1f3 Qa5c7
15.Nc3a4 Nf6d7
16.Nd2b3 O-O
17.Na4xc5 Nd7xc5
18.Nb3xc5 Rf8d8
19.Ra1b1 Bd6xc5
20.Be3xc5 Rd8d5
21.Qf3e3 Qc7d7
22.b4 a5
23.bxa5 f5
24.f4 fxg4
25.hxg4 Ra8xa5
26.Rb1b8 Bg6e8
27.d4 h6
28.c4 Rd5xc5
29.dxc5 { abandon }1-0

[Event "Jean 8"]
[Site "www.echecsemail.com"]
[Date "2026.02.04"]
[Round "1"]
[White "Turbo"]
[Black "Pgo"]
[WhiteElo "1390"]
[BlackElo "1760"]
[Result "0-1"]
1.d4 d5
2.Ng1f3 e6
3.a4 Ng8f6
4.b3 Bf8d6
5.c4 O-O
6.c5 Bd6e7
7.Bc1g5 Nb8c6
8.Bg5xf6 Be7xf6
9.e3 a6
10.Nb1d2 h6
11.h4 Rf8e8
12.Nf3e5 Bf6xe5
13.g3 Be5f6
14.Bf1d3 e5
15.Bd3b1 exd4
16.Ra1a2 dxe3
17.fxe3 Bf6c3
18.Qd1c2 Re8xe3
19.Kd1 g6
20.h5 Bc8f5
21.Qc2c1 Qd8g5
22.Bb1xf5 Qg5xf5
23.Rh1f1 Qf5g4
24.Kc2 Nc6b4
25.Kb1 Nb4xa2
26.Kxa2 Ra8e8
27.Rf1d1 Bc3xd2
28.Rd1xd2 Qg4xg3
29.Rd2b2 Re3e1
30.Qc1xh6 Re1e2
31.Rb2xe2 Re8xe2
32.Ka3 Re2e3
33.Kb4 Re3xb3
34.Ka5 Qg3c3
0-1

[Event "Défi"]
[Site "www.echecsemail.com"]
[Date "2026.02.04"]
[Round "1"]
[White "Junior1966"]
[Black "Roger72"]
[WhiteElo "1490"]
[BlackElo "1310"]
[Result "1-0"]
1.d4 d5
2.Ng1f3 Nb8c6
3.e3 Bc8g4
4.Bf1e2 e6
5.Nb1c3 Bf8b4
6.Bc1d2 Ng8f6
7.a3 Bb4a5
8.h3 Bg4xf3
9.Be2xf3 O-O
10.b4 Ba5xb4
11.axb4 Nc6xb4
12.Ra1b1 a5
13.O-O Rf8e8
14.Nc3a4 b5
15.Bd2xb4 axb4
16.Na4c5 Ra8b8
17.Rb1xb4 c6
18.Rf1e1 e5
19.e4 exd4
20.e5 Nf6e4
21.Nc5xe4 dxe4
22.Bf3xe4 c5
23.Rb4b1 c4
24.Be4c6 Re8e6
25.Bc6xb5 c3
26.Bb5c4 { abandon }1-0

[Event "Transval 3"]
[Site "www.echecsemail.com"]
[Date "2026.02.04"]
[Round "1"]
[White "Janolapin"]
[Black "Abelito"]
[WhiteElo "1700"]
[BlackElo "1560"]
[Result "0-1"]
1.d4 d5
2.Ng1f3 Bc8f5
3.e3 Nb8c6
4.a3 Ng8f6
5.Bf1d3 Nf6e4
6.Nf3h4 e6
7.Nh4xf5 exf5
8.Nb1d2 Ne4d6
9.b4 b5
10.Bc1b2 Nd6e4
11.f3 Qd8h4
12.g3 Ne4xg3
{ abandon }0-1

[Event "Coupe Niveau 3"]
[Site "www.echecsemail.com"]
[Date "2026.02.04"]
[Round "1"]
[White "Elghribi"]
[Black "Legros"]
[WhiteElo "1920"]
[BlackElo "1760"]
[Result "1-0"]
1.e4 Ng8f6
2.e5 Nf6d5
3.d4 d6
4.c4 Nd5b6
5.f4 dxe5
6.fxe5 e6
7.Ng1f3 c5
8.dxc5 Bf8xc5
9.Qd1xd8 Kxd8
10.Nb1c3 a6
11.Bc1g5 Bc5e7
12.Ra1d1 Nb8d7
13.Bg5e3 Kc7
14.Bf1e2 Nd7b8
15.O-O Bc8d7
16.b3 Rh8d8
17.Nc3e4 Nb8c6
18.Rd1d2 Bd7e8
19.Rf1d1 Rd8xd2
20.Rd1xd2 Ra8d8
21.Ne4d6 Be7xd6
22.exd6 Rd8xd6
23.c5 Rd6xd2
24.cxb6 Kd6
25.Be3xd2 Nc6b8
26.a4 Kc5
27.a5 Nb8c6
28.Nf3g5 h6
29.Ng5e4 Kd5
30.Be2f3 Nc6e5
31.Bd2c3 Ne5xf3
32.gxf3 f6
33.Kf2 e5
34.Ke3 f5
35.Ne4d2 f4
36.Kf2 g5
37.Nd2c4 e4
38.fxe4 Kxe4
39.Nc4d6 Kd3
40.Nd6xe8 Kxc3
41.Ne8d6 Kxb3
42.Nd6xb7 { abandon }1-0

[Event "Défi( 10J+24H/c 10J Max )"]
[Site "www.echecsemail.com"]
[Date "2026.02.04"]
[Round "1"]
[White "Gilberthellemans"]
[Black "Chevalice"]
[WhiteElo "1580"]
[BlackElo "1680"]
[Result "0-1"]
1.e4 e5
2.Ng1f3 d6
3.Bf1c4 h6
4.Nb1c3 Ng8f6
5.d3 c6
6.Bc1e3 Bf8e7
7.h3 b5
8.Bc4b3 b4
9.Nc3e2 a5
10.Bb3a4 O-O
11.c3 c5
12.Nf3d2 d5
13.c4 d4
14.Be3xh6 gxh6
15.a3 Nf6h7
16.Nd2f3 f6
17.Qd1d2 Bc8d7
18.Ba4d1 a4
19.Qd2xh6 Qd8e8
20.Nf3h4 Rf8f7
21.Ne2g3 Qe8f8
22.Nh4f5 Bd7xf5
23.Ng3xf5 Nb8c6
24.Bd1h5 Rf7g7
25.Nf5xg7 Qf8xg7
26.Qh6xg7 Kxg7
27.Bh5g4 Nc6a5
28.axb4 Na5b3
29.Ra1b1 cxb4
30.Bg4d1 Nb3c5
31.Ke2 Nh7g5
32.h4 Ng5e6
33.g3 b3
34.h5 Kh6
35.Kd2 a3
36.bxa3 Ra8xa3
37.Bd1e2 Nc5a4
38.Be2d1 Ra3a2
39.Ke1 Ne6c5
40.Kf1 Na4c3
41.Bd1xb3 Nc3xb1
42.Bb3xa2 Nb1c3
43.Kg2 Nc5xd3
44.Ba2b3 Nc3xe4
45.Bb3c2 Ne4xf2
46.Rh1a1 Kxh5
47.Ra1a7 Be7c5
48.Ra7g7 e4
49.Bc2a4 e3
50.Kf1 f5
51.Ba4e8 Kh6
52.Rg7g8 Nd3e5
53.Be8a4 d3
54.Rg8e8 Ne5g4
55.Re8d8 e2
56.Ke1 Bc5b4
0-1

[Event "Tournoi n27434"]
[Site "www.echecsemail.com"]
[Date "2026.02.04"]
[Round "1"]
[White "Katastrofic"]
[Black "Jlr"]
[WhiteElo "1470"]
[BlackElo "1420"]
[Result "0-1"]
1.e4 e5
2.Bf1c4 Ng8f6
3.d3 h6
4.Ng1f3 Bf8c5
5.Nf3xe5 d5
6.exd5 Qd8e7
7.O-O Qe7xe5
8.Rf1e1 Bc5xf2
9.Kh1 Bf2xe1
10.d4 Qe5e4
11.Bc4b5 c6
12.Bb5d3 Qe4h4
13.Qd1e2 Kf8
14.g3 Qh4xd4
15.Qe2xe1 cxd5
16.Nb1d2 Bc8g4
17.Nd2b3 Qd4b6
18.Bc1e3 d4
19.Be3xd4 Qb6c6
20.Kg1 Nb8d7
21.Bd4xf6 Qc6xf6
22.c3 Qf6b6
23.Qe1f2 Qb6d6
24.Bd3f5 Bg4xf5
25.Qf2xf5 Qd6b6
26.Kh1 Nd7f6
27.Qf5c5 Qb6xc5
28.Nb3d4 Qc5b6
{ abandon }0-1

[Event "Tournoi n27301"]
[Site "www.echecsemail.com"]
[Date "2026.02.04"]
[Round "1"]
[White "Lepionfou"]
[Black "Lucas05"]
[WhiteElo "2340"]
[BlackElo "2480"]
[Result "0-1"]
1.c4 Ng8f6
2.Ng1f3 c5
3.g3 e6
4.Bf1g2 Nb8c6
5.O-O b6
6.d4 cxd4
7.Nf3xd4 Bc8b7
8.Nd4b5 a6
9.Nb5d6 Bf8xd6
10.Qd1xd6 Ra8c8
11.Nb1c3 Qd8c7
12.Bc1f4 Qc7xd6
13.Bf4xd6 Nc6d8
14.Nc3a4 Rc8xc4
15.b3 Bb7xg2
16.Kxg2 Rc4c6
17.Rf1d1 Nd8b7
18.Bd6a3 b5
19.Na4b2 a5
20.Nb2d3 d6
21.Ra1c1 Rc6xc1
22.Rd1xc1 Kd7
23.Ba3b2 Rh8a8
24.a4 b4
25.f3 e5
26.e4 Ra8c8
27.Rc1xc8 Kxc8
28.Kf2 Nf6d7
29.Ke3 Nb7c5
30.Nd3c1 Kc7
31.f4 Kc6
32.h3 Nd7f6
33.fxe5 Nf6xe4
34.exd6 Ne4xg3
35.Bb2xg7 Ng3f5
{ abandon }0-1

[Event "Défi( 10J+24H/c 10J Max )"]
[Site "www.echecsemail.com"]
[Date "2026.02.04"]
[Round "1"]
[White "Hberlioz"]
[Black "Pascalou50"]
[WhiteElo "1670"]
[BlackElo "1860"]
[Result "0-1"]
1.c4 e5
2.g3 Ng8f6
3.Bf1g2 Bf8c5
4.Ng1f3 Nb8c6
5.Nb1c3 d5
6.cxd5 Nf6xd5
7.Nc3e4 Bc5e7
8.O-O O-O
9.b3 Bc8f5
10.Ne4c3 Nd5xc3
11.dxc3 Qd8xd1
12.Rf1xd1 Ra8d8
13.Bc1e3 Rd8d6
14.c4 Rf8d8
15.Rd1c1 Be7f6
16.Be3c5 Rd6d7
17.b4 e4
18.Nf3e1 Bf6xa1
19.Rc1xa1 Rd7d1
20.Ra1xd1 Rd8xd1
21.Kf1 b6
22.b5 bxc5
23.bxc6 Rd1c1
24.f4 Rc1xc4
25.h3 Bf5e6
26.g4 Be6d5
27.f5 Bd5xc6
28.h4 Bc6d5
29.Bg2h3 Rc4c3
30.Kg2 Bd5xa2
31.g5 a5
32.Bh3g4 Rc3c1
33.Kf1 a4
34.e3 Ba2c4
35.Kf2 a3
{ abandon }0-1

[Event "Tournoi n27315"]
[Site "www.echecsemail.com"]
[Date "2026.02.04"]
[Round "1"]
[White "Verson"]
[Black "Moris54"]
[WhiteElo "1910"]
[BlackElo "1850"]
[Result "0-1"]
1.d4 Ng8f6
2.Ng1f3 g6
3.Bc1f4 d6
4.e3 Bf8g7
5.Bf1d3 Nb8d7
6.Nb1d2 O-O
7.O-O c6
8.e4 e5
9.dxe5 dxe5
10.Bf4g5 Qd8c7
11.Qd1e2 Nd7c5
12.Nd2c4 Nf6d7
13.b3 f6
14.Bg5d2 b6
15.Rf1d1 Nc5xd3
16.Qe2xd3 Rf8d8
17.Qd3e2 Nd7c5
18.Bd2c3 Bc8a6
19.Rd1xd8 Ra8xd8
20.Ra1d1 Rd8xd1
21.Qe2xd1 Nc5xe4
22.Bc3b2 Ba6xc4
23.bxc4 Qc7d6
24.Qd1xd6 Ne4xd6
25.Nf3d2 f5
26.Bb2a3 c5
27.f3 Kf7
28.Ba3b2 Ke6
29.Kf2 Bg7f6
30.g3 Bf6g5
31.Nd2f1 Nd6xc4
32.h4 Bg5f6
33.Bb2c3 Nc4a3
34.Nf1e3 h5
35.Bc3b2 Na3b5
36.c4 Nb5d6
37.g4 Bf6xh4
38.Ke2 hxg4
39.fxg4 f4
40.Ne3g2 Bh4g5
41.Ng2e1 e4
42.Ne1c2 Nd6xc4
43.Bb2c3 f3
44.Kf2 Bg5h4
45.Kf1 e3
{ abandon }0-1

[Event "Tournoi n27442"]
[Site "www.echecsemail.com"]
[Date "2026.02.04"]
[Round "1"]
[White "Fouvolant"]
[Black "Jlr"]
[WhiteElo "1470"]
[BlackElo "1440"]
[Result "0-1"]
1.d4 d5
2.c4 c6
3.Nb1c3 dxc4
4.a4 Bc8d7
5.e4 Ng8f6
6.Bf1xc4 Qd8b6
7.h3 Qb6b4
8.Bc4b3 Nf6xe4
{ abandon }0-1

[Event "Eq:Pirates du Mat-Les Gens du Sud :"]
[Site "www.echecsemail.com"]
[Date "2026.02.04"]
[Round "1"]
[White "Sorim"]
[Black "Eltche"]
[WhiteElo "2050"]
[BlackElo "2610"]
[Result "0-1"]
1.e4 c5
2.Ng1f3 d6
3.d4 cxd4
4.Nf3xd4 Ng8f6
5.Nb1c3 a6
6.Bc1e3 e5
7.Nd4b3 Bf8e7
8.Bf1e2 Bc8e6
9.Nc3d5 Nb8d7
10.Qd1d3 Be6xd5
11.exd5 Ra8c8
12.c4 O-O
13.O-O a5
14.Ra1c1 g6
15.Qd3d2 b6
16.Rf1d1 Nf6e4
17.Qd2c2 Ne4f6
18.a3 h5
19.Nb3d2 Nf6g4
20.Nd2e4 Ng4xe3
21.fxe3 f5
22.Ne4d2 Be7g5
23.e4 Bg5e3
24.Kh1 f4
25.Qc2d3 Nd7c5
26.Qd3c2 a4
27.Rc1b1 Be3xd2
28.Rd1xd2 Qd8h4
29.Rb1f1 g5
30.Qc2d1 Nc5xe4
31.Be2d3 Ne4g3
32.Kg1 Ng3xf1
33.Qd1xf1 g4
34.Bd3c2 f3
35.Qf1d3 Qh4e1
36.Qd3f1 Qe1xd2
37.Bc2g6 Rc8xc4
38.Bg6xh5 Rc4c1
39.Bh5xg4 Rc1xf1
40.Kxf1 Qd2e2
41.Kg1 Qe2xg2
0-1

[Event "Tournoi n27434"]
[Site "www.echecsemail.com"]
[Date "2026.02.04"]
[Round "1"]
[White "Jlr"]
[Black "Fouvolant"]
[WhiteElo "1420"]
[BlackElo "1450"]
[Result "1-0"]
1.e4 c5
2.Bf1c4 e6
3.a3 Nb8c6
4.c3 Ng8f6
5.f3 a6
6.h3 Bf8e7
7.Qd1c2 Qd8c7
8.g4 h6
9.Ng1e2 d6
10.d3 b5
11.Bc4a2 Bc8b7
12.g5 hxg5
13.Bc1xg5 Nc6e5
14.Nb1d2 O-O-O
15.f4 Ne5g6
16.f5 exf5
17.exf5 Bb7xh1
18.fxg6 fxg6
19.Ba2e6 Kb8
20.O-O-O Bh1c6
21.d4 cxd4
22.Ne2xd4 Bc6d7
23.Be6xd7 Qc7xd7
24.Qc2xg6 Rh8xh3
25.Rd1e1 Rd8c8
26.Qg6xg7 Rc8g8
27.Qg7xe7 { abandon }1-0

[Event "Coupe Niveau 10"]
[Site "www.echecsemail.com"]
[Date "2026.02.04"]
[Round "1"]
[White "Exley"]
[Black "Eldiablo90"]
[WhiteElo "2430"]
[BlackElo "2830"]
[Result "1/2-1/2"]
1.e4 c6
2.d4 d5
3.e5 Bc8f5
4.h4 h5
5.Bf1d3 Bf5xd3
6.Qd1xd3 e6
7.Bc1g5 Qd8b6
8.Nb1d2 c5
9.c4 Qb6xb2
10.Ra1d1 Nb8c6
11.Ng1e2 Nc6b4
12.Qd3f3 Nb4c2
13.Kf1 Nc2xd4
14.Ne2xd4 Qb2xd4
15.cxd5 exd5
16.Qf3b3 Bf8e7
17.Qb3xb7 Ra8d8
18.Rh1h3 c4
19.Bg5e3 Qd4xe5
20.Qb7b5 Kf8
21.Nd2xc4 Qe5e6
22.Nc4a5 a6
23.Qb5b2 Ng8h6
24.Rd1e1 Qe6d7
25.Be3g5 Be7xg5
26.hxg5 Nh6f5
27.Rh3c3 d4
28.Rc3c5 g6
29.Na5c6 Qd7d6
30.Qb2b4 Rd8c8
31.Qb4c4 Kg7
32.Nc6e5 Qd6e6
33.Qc4xe6 fxe6
34.Ne5d3 Rc8xc5
35.Nd3xc5 Rh8c8
36.Nc5xe6 Kf7
37.Ne6f4 Rc8c6
38.a4 Nf5g7
39.Re1e5 Ng7e6
40.Nf4xe6 Rc6xe6
41.Re5d5 Re6e4
42.f3 Re4h4
43.Kf2 d3
44.a5 Rh4a4
45.Rd5xd3 Ra4xa5
46.f4 Ke6
47.Rd3e3 Kf5
48.Kf3 Ra5b5
49.Re3c3 a5
50.Rc3a3 Rb5c5
51.Kg3 Rc5d5
52.Ra3b3 a4
53.Rb3b6 a3
54.Rb6f6 Ke4
55.Rf6e6 Kf5
56.Re6f6 Ke4
57.Rf6e6 Kf5
58.Re6f6 1/2-1/2

[Event "Coupe Niveau 3"]
[Site "www.echecsemail.com"]
[Date "2026.02.04"]
[Round "1"]
[White "Domenico"]
[Black "Elghribi"]
[WhiteElo "1830"]
[BlackElo "1930"]
[Result "0-1"]
1.e4 d6
2.Bf1c4 Ng8f6
3.d3 g6
4.Nb1c3 Bf8g7
5.Ng1f3 e5
6.O-O O-O
7.Bc1e3 h6
8.d4 Nf6g4
9.dxe5 Ng4xe3
10.fxe3 dxe5
11.Qd1e2 c6
12.Nf3d2 Qd8e7
13.Rf1f3 Bc8g4
14.Ra1f1 Bg4xf3
15.Qe2xf3 Nb8d7
16.Qf3g3 b5
17.Bc4b3 Nd7c5
18.a3 Nc5xb3
19.Nd2xb3 a5
20.Nb3d2 Kh7
21.Nc3e2 Ra8d8
22.Nd2f3 Qe7c5
23.Kh1 Qc5xe3
24.Ne2g1 Qe3xe4
25.Nf3h4 Rd8d6
26.Qg3h3 f5
27.Nh4f3 Qe4g4
28.b3 g5
29.Ng1e2 e4
30.Nf3g1 Qg4xh3
31.gxh3 Kg6
32.c3 f4
33.c4 h5
34.cxb5 cxb5
35.Ne2c1 Rf8c8
36.Ng1e2 Rc8c2
37.Rf1g1 Kf5
38.Rg1f1 Rd6d2
39.Rf1e1 h4
40.b4 f3
41.Ne2g3 hxg3
{ abandon }0-1

[Event "Tournoi n27386"]
[Site "www.echecsemail.com"]
[Date "2026.02.04"]
[Round "1"]
[White "Verson"]
[Black "Jyfsk"]
[WhiteElo "1870"]
[BlackElo "1790"]
[Result "1-0"]
1.d4 Ng8f6
2.Ng1f3 e6
3.e3 Bf8e7
4.Bf1d3 O-O
5.O-O b6
6.e4 Bc8b7
7.Qd1e2 d6
8.Bc1g5 Nb8d7
9.Nb1d2 Nf6e8
10.Bg5xe7 Qd8xe7
11.c3 g6
12.Qe2e3 Ne8g7
13.Rf1e1 c5
14.Nf3g5 f6
15.Ng5f3 Rf8e8
16.Ra1d1 cxd4
17.cxd4 Ra8c8
18.Rd1c1 Rc8xc1
19.Re1xc1 Re8c8
20.Rc1xc8 Bb7xc8
21.Bd3b5 Bc8b7
22.h3 d5
23.e5 Ng7f5
24.Qe3c3 Kg7
25.Qc3c7 Nd7f8
26.Qc7xe7 Nf5xe7
27.Kf1 a6
28.exf6 Kxf6
29.Bb5d3 b5
30.Nf3e5 Ne7c6
31.Ne5xc6 Bb7xc6
32.f3 Nf8d7
33.Ke2 a5
34.Nd2b3 a4
35.Nb3c5 Nd7xc5
36.dxc5 h6
37.Ke3 e5
38.a3 g5
39.g3 h5
40.Bd3c2 Bc6d7
41.h4 Bd7c6
42.b3 axb3
43.Bc2xb3 gxh4
44.gxh4 d4
45.Ke2 Bc6e8
46.Bb3c2 Ke6
47.Bc2e4 Kf6
48.Be4d5 Be8f7
49.Bd5e4 Bf7c4
50.Kd2 Kg7
51.c6 Kf6
52.c7 Bc4e6
53.Be4b7 { abandon }1-0

[Event "Défi( 10J+24H/c 10J Max )"]
[Site "www.echecsemail.com"]
[Date "2026.02.04"]
[Round "1"]
[White "4x4"]
[Black "Aramis"]
[WhiteElo "1480"]
[BlackElo "1570"]
[Result "1-0"]
1.e4 e5
2.f4 exf4
3.Ng1f3 f6
4.d4 g5
5.h3 h6
6.Nb1c3 d6
7.Bc1d2 Ng8e7
8.Qd1e2 a6
9.O-O-O Ne7g6
10.g4 fxg3
11.Bf1g2 Bc8e6
12.d5 Be6f7
13.Qe2e1 Nb8c6
14.dxc6 b6
15.Qe1xg3 Bf8g7
16.Nf3d4 O-O
17.Nd4f5 Kh7
18.Nf5xg7 Kxg7
19.h4 Qd8e8
20.h5 Ng6e5
21.Nc3d5 Bf7xd5
22.exd5 Qe8f7
23.b3 Kh8
24.Rh1f1 Qf7xh5
25.Bd2c3 Ra8e8
26.Bc3xe5 dxe5
27.Bg2f3 Qh5g6
28.Rf1h1 Re8e7
29.Rh1f1 Rf8d8
30.Bf3g4 Re7h7
31.Bg4f5 Qg6f7
32.Bf5xh7 Qf7xh7
33.c4 Qh7g7
34.Rd1d3 a5
35.Rd3f3 Rd8d6
36.Qg3g4 Kg8
37.Qg4c8 Kh7
38.Qc8f5 Kh8
39.a3 Rd6d8
40.Qf5xf6 Qg7xf6
41.Rf3xf6 Kg7
42.Rf6f7 Kg6
43.Rf7xc7 Rd8a8
44.a4 Ra8d8
45.Rc7e7 Rd8c8
46.Re7xe5 Rc8c7
47.Re5e6 Kh5
48.Rf1h1 Kg4
49.Rh1xh6 Kf5
50.Rh6f6 Kg4
51.Re6e4 Kh5
52.Re4e6 Rc7g7
53.c7 Rg7xc7
54.Rf6f8 Rc7c5
55.Rf8h8 Kg4
56.Re6xb6 Rc5c7
57.Rb6b5 Kg3
58.d6 Rc7d7
59.Rb5xg5 Kf4
60.Rg5g6 Kf5
61.Rh8g8 Rd7b7
62.Kc2 Rb7d7
63.Kc3 Rd7f7
64.Rg6g5 Ke6
65.Rg5xa5 Kxd6
66.Rg8g6 Ke7
67.Ra5a7 Kf8
68.Ra7xf7 Kxf7
69.Kb4 Kxg6
70.Kb5 Kf7
71.a5 Ke7
72.a6 Kd7
73.Kb6 Kc8
74.a7 Kd8
75.a8R Kd7
76.Ra8a7 Kd6
77.Ra7a5 Kd7
78.Ra5c5 Kd8
79.Rc5c7 Ke8
80.Kc6 Kd8
81.Rc7h7 Ke8
82.Kd6 Kf8
83.Ke6 Kg8
84.Rh7a7 Kh8
85.Kf6 Kg8
86.c5 Kf8
87.Ra7a8 1-0

[Event "FARSCHWILLER"]
[Site "www.echecsemail.com"]
[Date "2026.02.04"]
[Round "1"]
[White "Mindthegap"]
[Black "Luc20"]
[WhiteElo "1420"]
[BlackElo "1850"]
[Result "0-1"]
1.e4 e5
2.Ng1f3 Ng8f6
3.Nf3xe5 d6
4.Ne5f3 Nf6xe4
5.d4 d5
6.Bf1d3 Bf8e7
7.O-O O-O
8.c4 c6
9.Nf3e5 Nb8d7
10.Ne5xd7 Bc8xd7
11.cxd5 cxd5
12.Qd1h5 Ne4f6
13.Qh5h4 Rf8e8
14.Bc1g5 g6
15.Nb1c3 Bd7e6
16.Ra1e1 a6
17.Qh4h6 Be7f8
18.Re1e2 Bf8xh6
{ abandon }0-1

[Event "Défi"]
[Site "www.echecsemail.com"]
[Date "2026.02.04"]
[Round "1"]
[White "Cocodou"]
[Black "Wenoketo"]
[WhiteElo "1650"]
[BlackElo "1700"]
[Result "0-1"]
1.c4 e5
2.Nb1c3 Ng8f6
3.e4 Nb8c6
4.a3 a6
5.d3 Bf8e7
6.h3 O-O
7.Bf1e2 d6
8.Ng1f3 Bc8d7
9.O-O Qd8c8
10.Nf3h2 Nc6d4
11.f4 Nd4xe2
12.Qd1xe2 exf4
13.Bc1xf4 Ra8b8
14.Nc3d5 Nf6xd5
15.exd5 Rf8e8
16.Qe2f2 f6
17.Qf2g3 Kh8
18.Qg3f3 Re8f8
19.Rf1e1 Rf8e8
20.Re1e2 Be7f8
21.Re2xe8 Qc8xe8
22.Kf2 Qe8f7
23.Ra1e1 Rb8e8
24.Re1xe8 Qf7xe8
25.Bf4d2 Qe8e5
26.Nh2g4 Qe5xb2
27.Qf3e2 Qb2xa3
28.Kg3 Kg8
29.Ng4f2 Qa3b2
30.Qe2e3 Qb2e5
31.Qe3xe5 fxe5
32.Kh2 Bf8e7
33.g3 h5
34.h4 g6
35.Nf2e4 b6
36.Ne4f2 a5
37.Kg2 Be7f6
38.Nf2e4 Kf7
39.Kf2 Bd7f5
40.Ke2 Bf6g7
41.Ne4c3 Ke7
42.Kd1 Bf5xd3
43.Nc3b5 Kd7
44.Nb5a3 e4
45.Bd2f4 Bg7b2
46.Bf4c1 Bb2xa3
47.Bc1xa3 Bd3xc4
48.Kd2 Bc4xd5
{ abandon }0-1